| 000 | 01119nam a2200289 i 4500 | ||
|---|---|---|---|
| 001 | 86 | ||
| 003 | BD-RjUL | ||
| 005 | 20211208233117.0 | ||
| 008 | 131116r19731966enk b 001 0 eng | ||
| 020 | _a0416291007 | ||
| 035 | _a(BD-RjUL)95 | ||
| 040 |
_aDLC _cDLC _dBD-RjUL _beng |
||
| 041 | _aeng | ||
| 082 | 0 | 4 |
_a121 _219 _bSTB 1973 |
| 100 | 1 |
_aStrawson, P. F. _9294 |
|
| 245 | 1 | 4 |
_aThe bounds of sense : _ban essay on Kant's Critique of pure reason / _cP. F. Strawson. |
| 260 |
_aLondon : _bMethuen ; _cc1966 [Reprinted1973]. |
||
| 300 |
_a296 p. ; _c22 cm. |
||
| 504 | _aIncludes index. | ||
| 505 |
_aGeneral review. -- The metaphysics of experience. Space and time ; Objectivity and unity ; Permanence and causality. -- Transcendent metaphysics. The logic of illusion: Soul ; Cosmos. -- The metaphysics of transcendental idealism. -- Kant's theory of geometry. _tContents |
||
| 526 | _bPhilosophy. | ||
| 650 | 0 | 7 |
_aKant, Immanuel, -- 1724-1804. -- Kritik der reinen Vernunft. _9295 _2SLSH |
| 856 |
_3Worldcat Details _uhttp://www.worldcat.org |
||
| 942 |
_2ddc _cBK |
||
| 999 |
_c86 _d86 |
||